书目信息 |
| 题名: |
化工产品应用手册
|
|
| 作者: | ;上海市化轻公司第二化工供应部 编 | |
| 分册: | 合成材料助剂、食品添加剂 | |
| 出版信息: | 上海 上海科学技术出版社 1989.5 |
|
| 页数: | 739页 | |
| 开本: | 19厘米 | |
| 丛书名: | ||
| 单 册: | ||
| 中图分类: | TQ06 | |
| 科图分类: | 29.496073 | |
| 主题词: | 化工过程:生产过程 , 化工产品--后处理 , 化工产品--包装 | |
| 电子资源: | ||
| ISBN: | 7-5323-1488-X | |
| 000 | 01029nam0 2200289 45 | |
| 001 | 0189000406 | |
| 005 | 20040518172608.4 | |
| 010 | @a7-5323-1488-X@b精装@dCNY9.45 | |
| 020 | @aCN@b89000406 | |
| 100 | @a19900806d1989 m y0chiy0120 ea | |
| 101 | 0 | @achi |
| 102 | @aCN@b310000 | |
| 105 | @ay g 000yy | |
| 106 | @ar | |
| 200 | 10 | @a化工产品应用手册@Ahua gong chan pin ying yong shou ce@h合成材料助剂、食品添加剂@f上海市化轻公司第二化工供应部编@Fshang hai shi hua qing gong si di er hua gong gong ying bu bian |
| 210 | @a上海@c上海科学技术出版社@d1989.5 | |
| 215 | @a739页@d19厘米 | |
| 330 | @a本书包括了各种产品的中、英文名称、分子量、规格、应用领域等。 | |
| 540 | 1 | @a化工 产品@Ahua gong chan pin |
| 606 | 0 | @a化工过程:生产过程 |
| 606 | 0 | @a化工产品@x后处理 |
| 606 | 0 | @a化工产品@x包装 |
| 690 | @aTQ06 | |
| 692 | @a29.496073@v1974 | |
| 711 | 02 | @a上海市化轻公司第二化工供应部@Ashang hai shi hua qing gong si di er hua gong gong ying bu@4编 |
| 801 | 0 | @aCN@bNLC@c19900806 |
| 905 | @f1@b253110@dTQ06@e39:3 | |
| 化工产品应用手册.合成材料助剂、食品添加剂/上海市化轻公司第二化工供应部编.-上海:上海科学技术出版社,1989.5 |
| 739页;19厘米 |
| ISBN 7-5323-1488-X(精装):CNY9.45 |
| 本书包括了各种产品的中、英文名称、分子量、规格、应用领域等。 |
| ● |
| 相关链接 |
|
|
|
|
正题名:化工产品应用手册
索取号:TQ06/39:3
 
预约/预借
| 序号 | 登录号 | 条形码 | 馆藏地/架位号 | 状态 | 备注 |
| 1 | 0153110 | 001471829 | 第三借阅区/ [索取号:TQ06/39:3] | 在馆 | |
| 2 | 0153111 | 001471810 | 第二样本阅览室/ [索取号:TQ06/39:3] | 在馆 | |
| 3 | 0253110 | 001471829 | 第三借阅区/ [索取号:TQ06/39:3] | 在馆 |